000 00420pab a2200157 454500
008 180718b2014 xxu||||| |||| 00| 0 eng d
100 _aSharma, Kapil Dev
245 _aModern Indian youth: Reasons and result of unrest and core agitation
260 _c2014
300 _ap.35-39.
362 _aApr-Jun
650 _aYouth
773 _aIndian Journal of Training and Development
908 _aN
909 _a105081
999 _c105076
_d105076